| 000 | 00788nam a22001697a 4500 | ||
|---|---|---|---|
| 008 | 090823t xxu||||| |||| 00| 0 eng d | ||
| 020 | _a9770191118 | ||
| 082 |
_220 _a001.64 _bب س ى |
||
| 100 |
_98554 _aبسيونى , عبد الحميد. |
||
| 245 |
_aتاريخ ومستقبل الكمبيوتر / _cعبد الحميد بسيونى. |
||
| 260 |
_aالقاهرة : _bالهيئة المصرية العامة للكتاب , _c2004. |
||
| 300 |
_a136 ص ؛ _c20 سم. |
||
| 490 | _aمكتبة الأسرة . سلسلة الأعمال العلمية. | ||
| 650 |
_98556 _aالحاسب الآلى |
||
| 942 |
_2ddc _cBB |
||
| 999 |
_c12674 _d12674 |
||